Vzťah občianskeho a obchodného práva z aspektu právnej úpravy ochrany spotrebiteľa

Aplikácia Obchodného zákonníka a Občianskeho zákonníka na obchodné záväzkové vzťahy (par. 261 OBZ). Vplyv právnych úprav ochrany spotrebiteľa na aplikáciu obchodnoprávnych predpisov a občianskoprávnych predpisov.

Guardado en:
Detalles Bibliográficos
Autor principal: Ovečková, Oľga
Formato: Capítulo de libro
Lenguaje:eslovaco
Materias:
Etiquetas: Agregar Etiqueta
Sin Etiquetas, Sea el primero en etiquetar este registro!

MARC

LEADER 00000naa a2200000 4500
001 0227598
005 20220719123918.7
041 0 |a slo 
044 |a SK 
245 1 0 |a Vzťah občianskeho a obchodného práva z aspektu právnej úpravy ochrany spotrebiteľa  |c Oľga Ovečková 
520 |a Aplikácia Obchodného zákonníka a Občianskeho zákonníka na obchodné záväzkové vzťahy (par. 261 OBZ). Vplyv právnych úprav ochrany spotrebiteľa na aplikáciu obchodnoprávnych predpisov a občianskoprávnych predpisov. 
610 2 0 |a právo obchodné 
610 2 0 |a právo občianske 
610 2 0 |a právo spotrebiteľské 
610 2 0 |a predpisy právne 
610 2 0 |a ochrana spotrebiteľa 
100 1 |a Ovečková, Oľga